| 000 | 01526nam2a22002531 4500 | ||
|---|---|---|---|
| 001 | RU\NLR\INFOCOMM15\1000063126 | ||
| 005 | 20250617152851.0 | ||
| 035 | _a(NLR Aleph) 002746442 | ||
| 090 |
_a2100889 _c2100889 |
||
| 100 | _a20040129d1940 |||y0rusy50 ca | ||
| 101 | 0 | _arus | |
| 102 | _aRU | ||
| 105 | _ay ||||||||| | ||
| 200 | 1 |
_aИнтерпретация результатов наблюдений за сдвижением пород, окружающих горную выработку _fАвершин С.Г. |
|
| 210 |
_d1940 _aБ. м. |
||
| 461 | 0 |
_1001RU\NLR\INFOCOMM15\1000063114 _12001#$aТруды Всесоюзного научно-исследовательского маркшейдерского института$fВНИМИ - Всесоюз. науч.-исслед. маркшейдерский ин-т$vВып.12 _92100845 _aВНИИ горной геомеханики и маркшейдерского дела (Ленинград) _cМ. _d1934- _fВНИМИ - Всесоюз. науч.-исслед. маркшейдерский ин-т _nУглетехиздат _tТруды Всесоюзного научно-исследовательского маркшейдерского института _vВып.12 |
|
| 700 | 1 |
_4070 _7ca _8rus _aАвершин _bС. Г. _f1901-1972 _gСтепан Гаврилович _9168636 _3RU\NLR\AUTH\770168685 |
|
| 801 | 1 |
_aRU _bInfoComm _c20040129 |
|
| 801 | 0 |
_aRU _bNLR _gPSBO |
|
| 852 |
_aNLR _jП10/151 |
||
| 942 | _cISSUE | ||
| 980 | _aNB | ||
| 980 | _aRUSPER | ||